|
|
|
|
| LEADER |
00697nam a2200253 a 4500 |
| 001 |
adlib96000001 |
| 003 |
ViArRB |
| 005 |
20151026130705.0 |
| 008 |
960221s1955 dcuabcdjdbkoqu001 0deng d |
| 020 |
|
|
|
| 022 |
|
|
|
| 040 |
|
|
|a Adlib
|
| 082 |
|
|
|a 57.018.634:57.017.7:159.929
|
| 245 |
|
|
|a Correlates of learning in albine rats
|
| 250 |
|
|
|
| 260 |
|
|
|a Mysore
|b Srikanta
|c 1975
|
| 300 |
|
|
|a 113p.
|
| 500 |
|
|
|a
|
| 100 |
|
|
|a Rao, Raghavendra T
|
| 700 |
|
|
|
| 942 |
|
|
|c BK
|6 _
|
| 653 |
|
|
|a Biological sciences
|a albine rats
|
| 999 |
|
|
|c 10745
|d 10745
|
| 952 |
|
|
|0 0
|1 0
|4 0
|6 57018634570177159929_RA
|7 0
|9 22199
|a UL
|b UL
|d 2010-06-16
|o 57.018.634:57.017.7:159.929 RA
|p G0004295
|r 2010-06-16
|w 2010-06-16
|y BK
|